000 00622nam a2200205 4500
001 177431
003 ES-MaACL
005 20240616063032.0
008 110322s2011 sp |||| | spa d
017 _aM.267-2011
020 _a9788420407043
080 _a821.134.2-34"19"
100 1 _aLlamazares, Julio,
_d1955-
_972675
245 1 0 _aTanta pasión para nada /
_cJulio Llamazares.
260 _a[Madrid] :
_bAlfaguara,
_c[2011]
300 _a153 p., [1] h. ;
_c24 cm.
852 _aES-MaACL
_9184249
_bR.145448
_jA.11062
_dOlim:N-4067
_cDEPO1
942 _2udc
_cMONOGRAFIA
999 _c177431
_d177431